| 000 | 01141cam a2200229 4500 | ||
|---|---|---|---|
| 001 | WB3940-17 | ||
| 008 | 031023n2003 000 0 eng u | ||
| 035 | _a(Sirsi) u123983 | ||
| 245 | _aMinisters pose waste challenge | ||
| 260 | _c2003 | ||
| 490 |
_aScottish Executive Press Release _v22 October 2003 (2) |
||
| 520 | _aScottish environment minister Ross Finnie in a Glasgow conference told of the need of a change in attitude towards waste. A plan was required to reduce the materials used and recycle what could not be reused. The National Waste Plan was mentioned here which sets ambitious targets for recycle or compost 25% of Municipal Solid Waste by 2006. There is ring-fenced funding of £230m over three years through the Strategic Waste Fund. For the Scottish Executive News Release: http://www.scotland.gov.uk/pages/news/2003/10/SEEN663.aspx | ||
| 590 | _aWB | ||
| 650 | _aSCOTLAND | ||
| 650 | _aWASTE | ||
| 650 | _aWASTE CONTROL | ||
| 650 | _aNATIONAL WASTE PLAN | ||
| 650 | _aHOUSEHOLD WASTE | ||
| 650 | _aLANDFILL TAX CREDIT SCHEME | ||
| 690 | _aENVIRONMENTAL AND LAND CONSULTANCY-WASTE MANAGEMENT | ||
| 942 | _n0 | ||
| 999 |
_c73634 _d73634 |
||